000
00221 a2200097 4500
001
25391
100
_a
Hardiman, N J
245
_a
Exploring University Mathematics-I
260
_a
_b
Pergamon
_c
1967
090
_c
17138
_d
17138
942
_a
NUST-CAE
_c
M
_c
7934
999
_c
260464
_d
260464